[Event "Tournoi Skype 024A"]
[Site "Skype"]
[Date "????.??.??"]
[Round "6.32"]
[White "Mitrani, Alberto"]
[Black "L'Herbon De Lussats, Jean"]
[Result "0-1"]
[WhiteElo "1549"]
[BlackElo "1539"]
[PlyCount "74"]

1. d4 Nf6 2. e3 g6 3. Bd3 Bg7 4. Nd2 d6 5. f4 Nc6 6. c3 e5 7. Ngf3 Ng4 8. Qe2
O-O 9. O-O Re8 10. d5 Ne7 11. h3 Nf6 12. fxe5 Nfxd5 13. Ng5 Nf5 14. Nxf7 Qe7
15. Qf3 Ndxe3 16. Rf2 Rf8 17. Ne4 Rxf7 18. Bxe3 Bxe5 19. Bg5 Qe6 20. Qe2 c6 21.
Raf1 d5 22. Rxf5 Rxf5 23. Rxf5 gxf5 24. Nc5 Qd6 25. Nb3 Be6 26. Nd4 Rf8 27. Nf3
Bf6 28. Bh6 Bg7 29. Bxg7 Kxg7 30. Ng5 Bc8 31. Qh5 Qg6 32. Qh4 h6 33. Nf3 Qe6
34. Qg3+ Kh7 35. Nd4 Qg6 36. Qf4 Qg5 37. Qc7+ Qg7 0-1

[Event "Tournoi Skype 024A"]
[Site "Skype"]
[Date "????.??.??"]
[Round "6.33"]
[White "Munoz Gonzalez, Martin"]
[Black "Galani, Mahendra"]
[Result "0-1"]
[WhiteElo "1460"]
[BlackElo "1548"]
[PlyCount "64"]

1. e4 e5 2. Nf3 Nc6 3. Nc3 Nf6 4. a3 d6 5. d4 exd4 6. Nxd4 Ne5 7. Be2 Be7 8.
Bf4 Ned7 9. Nf3 Nh5 10. Be3 Nhf6 11. O-O h6 12. Nd5 Nxe4 13. Nxe7 Qxe7 14. Bd3
Ng5 15. Re1 Nxf3+ 16. Qxf3 Ne5 17. Qd1 Be6 18. Be4 c6 19. b3 d5 20. Bd3 Qd6 21.
Be2 c5 22. Bb5+ Nc6 23. Bd2 O-O-O 24. a4 Nd4 25. Bf1 Bf5 26. Rc1 h5 27. c3 Ne6
28. a5 a6 29. Be3 h4 30. Qf3 g6 31. Red1 Qc7 32. Rc2 Bxc2 0-1

[Event "Tournoi Skype 024A"]
[Site "Skype"]
[Date "????.??.??"]
[Round "7.1"]
[White "Sojka, Bernard"]
[Black "Benson, Paul"]
[Result "0-1"]
[WhiteElo "2146"]
[BlackElo "2013"]
[PlyCount "90"]

1. Nf3 f5 2. c4 Nf6 3. g3 g6 4. Bg2 Bg7 5. O-O O-O 6. Nc3 d6 7. Re1 e5 8. d3
Nc6 9. Rb1 Nh5 10. Bg5 Qe8 11. Nd5 Qf7 12. Bd2 h6 13. b4 Nd8 14. Nh4 g5 15. Ng6
Re8 16. e4 Nf6 17. exf5 Bxf5 18. Nge7+ Rxe7 19. Nxe7+ Qxe7 20. Bc3 Qd7 21. Rc1
c6 22. d4 exd4 23. Qxd4 Nf7 24. f4 a6 25. Qf2 g4 26. Qb2 Nh5 27. Bxg7 Nxg7 28.
a4 Re8 29. b5 axb5 30. axb5 Kh7 31. bxc6 bxc6 32. Qb6 Rxe1+ 33. Rxe1 d5 34. Rd1
Be6 35. cxd5 cxd5 36. Bxd5 Qxd5 37. Rxd5 Bxd5 38. Qb1+ Kg8 39. f5 Ne8 40. f6
Ne5 41. Qf5 Nf3+ 42. Kf2 Nxf6 43. Qxf6 Bf7 44. Qxh6 Ne5 45. Qg6+ Nxg6 0-1

[Event "Tournoi Skype 024A"]
[Site "Skype"]
[Date "????.??.??"]
[Round "7.2"]
[White "Siret, Bernard"]
[Black "Diaz, Jose Garcia"]
[Result "1-0"]
[WhiteElo "2094"]
[BlackElo "1807"]
[PlyCount "89"]

1. e4 e6 2. d4 d5 3. c4 dxe4 4. Nc3 Bb4 5. Be3 Bxc3+ 6. bxc3 Nf6 7. f3 O-O 8.
Qc2 Re8 9. fxe4 Ng4 10. Bf2 Nxf2 11. Qxf2 c5 12. Nf3 cxd4 13. cxd4 Qa5+ 14. Qd2
Qxd2+ 15. Kxd2 f5 16. Bd3 fxe4 17. Bxe4 Nd7 18. Rhe1 Nf6 19. Bd3 Bd7 20. Rab1
Bc6 21. Ng5 Bxg2 22. Nxe6 Bh3 23. Ng5 Rxe1 24. Rxe1 Bd7 25. Ne4 Nxe4+ 26. Bxe4
Rb8 27. Kd3 b6 28. Bd5+ Kf8 29. Rf1+ Ke7 30. Rf7+ Kd6 31. Rxg7 Bf5+ 32. Be4
Bxe4+ 33. Kxe4 Re8+ 34. Kd3 Rf8 35. Rxh7 Rf3+ 36. Ke4 Ra3 37. h4 Rxa2 38. h5
Re2+ 39. Kd3 Rh2 40. h6 Rh3+ 41. Kc2 Rh2+ 42. Kb3 a5 43. Rh8 Rh3+ 44. Ka4 Rh1
45. h7 1-0

[Event "Tournoi Skype 024A"]
[Site "Skype"]
[Date "????.??.??"]
[Round "7.3"]
[White "Martinez, Jose Abel"]
[Black "Ricieri, Vinicius"]
[Result "1-0"]
[WhiteElo "1740"]
[BlackElo "1814"]
[PlyCount "61"]

1. d4 Nf6 2. c4 g6 3. g3 Bg7 4. Bg2 d5 5. Nf3 O-O 6. O-O c5 7. dxc5 dxc4 8. Nc3
Qc7 9. Be3 Na6 10. Nb5 Qc6 11. a4 Ng4 12. Bd4 Bxd4 13. Qxd4 Qxc5 14. Rfc1 Qxd4
15. Nbxd4 Nc5 16. h3 Nf6 17. Rxc4 Nce4 18. Rc7 Nd5 19. Rcc1 b6 20. Ng5 Nxg5 21.
Bxd5 Bxh3 22. Bxa8 Rxa8 23. Nc6 Kf8 24. a5 b5 25. f3 Bd7 26. Rc3 Bxc6 27. Rxc6
Ne6 28. Rac1 Nd4 29. Rc8+ Rxc8 30. Rxc8+ Kg7 31. Kf2 1-0

[Event "Tournoi Skype 024A"]
[Site "Skype"]
[Date "????.??.??"]
[Round "7.4"]
[White "Martinez Quintero, Javier"]
[Black "Karia, Vijay"]
[Result "1-0"]
[WhiteElo "1750"]
[BlackElo "1792"]
[PlyCount "117"]

1. d4 d5 2. c4 c6 3. Nf3 Nf6 4. e3 e6 5. Nbd2 Nbd7 6. Bd3 dxc4 7. Nxc4 b5 8.
Nce5 Bb7 9. O-O Bd6 10. Nxd7 Qxd7 11. b3 O-O 12. Bb2 Rfe8 13. Rc1 Rad8 14. Qe2
a6 15. Rc2 Nd5 16. a3 Ne7 17. Ng5 h6 18. Qh5 Nd5 19. Ne4 Qe7 20. Nxd6 Qxd6 21.
g3 Nf6 22. Qe2 Qd5 23. e4 Qxb3 24. Rc3 Qa4 25. Rc5 Qa5 26. e5 Nd7 27. Rc3 Nb6
28. Qe4 g6 29. Qg4 Kg7 30. Rc2 Nd5 31. h4 h5 32. Qg5 Qc7 33. Be4 Qe7 34. Qd2
Rd7 35. Bc1 Rh8 36. Qd3 Qd8 37. Bxd5 Rxd5 38. Bg5 Qd7 39. Bf6+ Kh7 40. Bxh8
Rxd4 41. Qe3 Kxh8 42. Qe2 Qd5 43. f3 c5 44. Rf2 c4 45. Rc3 Rd1+ 46. Kg2 Qd4 47.
Qe3 Qd5 48. Qg5 a5 49. Qf4 Kg8 50. Rb2 Rd4 51. Qe3 Rd1 52. Qe2 Qd4 53. Qe3 Qd5
54. Qf4 Qc5 55. Re3 c3 56. Rc2 Rd2+ 57. Rxd2 cxd2 58. Rd3 b4 59. Rd8+ 1-0

[Event "Tournoi Skype 024A"]
[Site "Skype"]
[Date "????.??.??"]
[Round "7.5"]
[White "Ibarra Cantu, Raul Alberto"]
[Black "Saponara, Jose Maria"]
[Result "1-0"]
[WhiteElo "1955"]
[BlackElo "1790"]
[PlyCount "79"]

1. e4 d5 2. exd5 Qxd5 3. Nc3 Qd6 4. Nf3 Nf6 5. d4 a6 6. h3 Nbd7 7. Be3 e6 8. a3
b5 9. Be2 Bb7 10. O-O Be7 11. Nd2 Nb6 12. Bf3 Bxf3 13. Qxf3 O-O 14. Nce4 Qd8
15. Nxf6+ Bxf6 16. Ne4 Nd5 17. b3 Be7 18. c4 Nf6 19. Nc3 Qd7 20. cxb5 axb5 21.
a4 b4 22. Ne4 Nxe4 23. Qxe4 Ra5 24. Rac1 Rd5 25. Rc4 c6 26. Rfc1 Rc8 27. Qc2 h6
28. Rxc6 Rxc6 29. Qxc6 Qxc6 30. Rxc6 Bd6 31. Rc4 e5 32. Kf1 e4 33. Bd2 f5 34.
Bxb4 Bxb4 35. Rxb4 f4 36. Ke2 g5 37. Rc4 Kf7 38. b4 Ke7 39. b5 Kd7 40. b6 1-0

[Event "Tournoi Skype 024A"]
[Site "Skype"]
[Date "????.??.??"]
[Round "7.6"]
[White "Hilton, Stephen"]
[Black "Rico Hernandez, Edgar"]
[Result "1-0"]
[WhiteElo "1825"]
[BlackElo "1943"]
[PlyCount "73"]

1. Nf3 Nf6 2. c4 e6 3. Nc3 d5 4. d4 c6 5. Bg5 Be7 6. e3 Nbd7 7. cxd5 exd5 8.
Bd3 O-O 9. Qc2 Re8 10. O-O Nf8 11. Ne5 Ng4 12. Bf4 Bd6 13. Nxg4 Bxg4 14. Bg3
Bh5 15. Qb3 Bxg3 16. hxg3 Rb8 17. Ne2 Bg6 18. Nf4 Bxd3 19. Nxd3 Ne6 20. Rac1
Qe7 21. Nc5 Nxc5 22. Rxc5 h6 23. Rfc1 Qd6 24. Qd3 Re4 25. b4 g6 26. b5 cxb5 27.
Qxb5 b6 28. Rxd5 Qa3 29. Qc4 Ree8 30. Rd7 Rf8 31. Rc3 Qa5 32. Qb3 Qa6 33. Rcc7
Rbc8 34. Rxf7 Rxc7 35. Rxc7+ Kh8 36. Qe6 Qa5 37. Qe7 1-0

[Event "Tournoi Skype 024A"]
[Site "Skype"]
[Date "????.??.??"]
[Round "7.7"]
[White "Pena, Eduin"]
[Black "Grosso, Raul"]
[Result "1/2-1/2"]
[WhiteElo "1720"]
[BlackElo "1895"]
[PlyCount "46"]

1. e4 c5 2. Nf3 g6 3. d4 cxd4 4. Nxd4 Bg7 5. Be3 Nc6 6. Nc3 Nf6 7. f3 O-O 8.
Qd2 d5 9. Nxc6 bxc6 10. O-O-O Be6 11. Bh6 Qa5 12. Bxg7 Kxg7 13. exd5 Nxd5 14.
Nxd5 Qxd2+ 15. Rxd2 Bxd5 16. Ba6 Rab8 17. b3 Rb6 18. Bd3 f5 19. Re1 Kf6 20.
Rde2 Re8 21. Re5 Rb7 22. Kd2 Rd8 23. g4 fxg4 1/2-1/2

[Event "Tournoi Skype 024A"]
[Site "Skype"]
[Date "????.??.??"]
[Round "7.8"]
[White "Lambert, Pierre"]
[Black "Segura Lozano, Marcos Antonio"]
[Result "1/2-1/2"]
[WhiteElo "1870"]
[BlackElo "1784"]
[PlyCount "81"]

1. e4 d6 2. d4 g6 3. c4 Bg7 4. Be3 Nf6 5. Nc3 c6 6. Nf3 O-O 7. Be2 Nbd7 8. O-O
a6 9. a4 e5 10. d5 c5 11. Qd2 Ne8 12. Bh6 f5 13. Bxg7 Kxg7 14. Ng5 Ndf6 15.
Rad1 h6 16. Ne6+ Bxe6 17. dxe6 Qe7 18. exf5 gxf5 19. Nd5 Qxe6 20. Nxf6 Rxf6 21.
Qe3 Nc7 22. Qb3 Rb8 23. Rd3 b6 24. Rfd1 Qe7 25. Bh5 Ne6 26. Rxd6 Nd4 27. Qg3+
Kh8 28. Rxf6 Qxf6 29. Re1 f4 30. Qg6 Qxg6 31. Bxg6 Rg8 32. Be4 a5 33. Kf1 Kg7
34. Rd1 Kf6 35. Rd3 Rg5 36. Rh3 Kg7 37. Rd3 h5 38. g3 Kf6 39. h4 Rg8 40. Rc3
Re8 41. Rd3 1/2-1/2

[Event "Tournoi Skype 024A"]
[Site "Skype"]
[Date "????.??.??"]
[Round "7.9"]
[White "Deville, Olivier"]
[Black "Alvarez, Juan Evangelista"]
[Result "1-0"]
[WhiteElo "1860"]
[BlackElo "1590"]
[PlyCount "63"]

1. d4 d5 2. c4 dxc4 3. Nf3 b5 4. a4 Qd7 5. Ne5 Qd6 6. axb5 Bb7 7. e3 Nd7 8.
Nxc4 Qg6 9. Nc3 Ngf6 10. Na5 O-O-O 11. Nxb7 Kxb7 12. Be2 Nb6 13. Bf3+ Nfd5 14.
Nxd5 Nxd5 15. Qa4 Qb6 16. Bd2 Kb8 17. Ba5 Qd6 18. Rc1 Nb6 19. Bxb6 Qxb6 20. Rc6
Qb7 21. Ra6 Rd5 22. O-O Qxb5 23. Rxa7 Qxa4 24. Rxa4 c6 25. Bxd5 cxd5 26. Rc1 e6
27. Ra5 Kb7 28. Rb5+ Ka6 29. Rb3 Bb4 30. Rxb4 Ka5 31. Rb3 Ka4 32. Rb7 1-0

[Event "Tournoi Skype 024A"]
[Site "Skype"]
[Date "????.??.??"]
[Round "7.10"]
[White "Silva, Rodrigo De Souza"]
[Black "Yeter, Orhan"]
[Result "1/2-1/2"]
[WhiteElo "1946"]
[BlackElo "1570"]
[PlyCount "91"]

1. d4 Nf6 2. Nc3 e6 3. e4 Bb4 4. Bd3 b6 5. a3 Bxc3+ 6. bxc3 Bb7 7. Qe2 d6 8. f4
O-O 9. Nf3 h6 10. e5 Nfd7 11. O-O f6 12. exd6 Re8 13. dxc7 Qxc7 14. Qe3 Nf8 15.
Bb2 Nbd7 16. c4 Rad8 17. Rae1 Ba6 18. Nd2 Rc8 19. Rf2 Bb7 20. Qg3 Nb8 21. Rfe2
Na6 22. f5 Qxg3 23. hxg3 Nc7 24. fxe6 Rxe6 25. Rxe6 Ncxe6 26. Bf5 Re8 27. d5
Nc7 28. Rxe8 Nxe8 29. Ne4 g6 30. Bh3 f5 31. Nf6+ Nxf6 32. Bxf6 Nd7 33. Bd4 Kf7
34. Kf2 Ba6 35. g4 g5 36. gxf5 Bxc4 37. d6 Bb5 38. g4 Nf6 39. Ke3 Nd5+ 40. Kf2
Nf6 41. Bxf6 Kxf6 42. Bf1 Bd7 43. Bc4 Ke5 44. Ke3 Kxd6 45. Kd4 Bc6 46. Be2
1/2-1/2

[Event "Tournoi Skype 024A"]
[Site "Skype"]
[Date "????.??.??"]
[Round "7.11"]
[White "Lopez, Jose Luis"]
[Black "Vello, Pablo"]
[Result "1-0"]
[WhiteElo "1893"]
[BlackElo "1518"]
[PlyCount "63"]

1. e4 e6 2. d4 d5 3. exd5 exd5 4. Bd3 Bd6 5. h3 h6 6. Nf3 Nf6 7. O-O O-O 8. Re1
Be6 9. Nbd2 Nbd7 10. Ne5 Re8 11. Ndf3 c6 12. c3 Qc7 13. Bf4 Nh5 14. Bh2 Nhf6
15. Qd2 Nf8 16. Re3 Rad8 17. Rae1 Qc8 18. Nh4 Be7 19. Nhf3 Bf5 20. Bxf5 Qxf5
21. Nxc6 bxc6 22. Rxe7 Rxe7 23. Rxe7 Qb1+ 24. Re1 Qf5 25. Re5 Qb1+ 26. Re1 Qf5
27. Ne5 Qc8 28. Bf4 g5 29. Bxg5 hxg5 30. Qxg5+ Kh7 31. Qxf6 Qe6 32. Qxd8 1-0

[Event "Tournoi Skype 024A"]
[Site "Skype"]
[Date "????.??.??"]
[Round "7.12"]
[White "Ramirez Reina, Orlando"]
[Black "Altinok, Selim"]
[Result "0-1"]
[WhiteElo "1492"]
[BlackElo "1840"]
[PlyCount "100"]

1. d4 g6 2. c4 Nf6 3. Nc3 Bg7 4. e4 d6 5. f4 O-O 6. Nf3 Na6 7. Be2 c5 8. d5 Nc7
9. a4 Bg4 10. O-O Qd7 11. Nd2 Na6 12. Bxg4 Nxg4 13. Nf3 Nb4 14. h3 Nf6 15. Re1
Qd8 16. e5 Ne8 17. Ne4 b6 18. Qb3 a6 19. Bd2 a5 20. Bxb4 axb4 21. exd6 Nxd6 22.
Nxd6 exd6 23. Re2 Qd7 24. Rae1 Bf6 25. g4 Qxa4 26. Qxa4 Rxa4 27. b3 Ra3 28. g5
Bc3 29. Rb1 Ra7 30. Kg2 Rfa8 31. Nh2 Ra2 32. Kf3 Rxe2 33. Kxe2 Ra2+ 34. Kf3
Rxh2 35. Kg3 Re2 36. Kf3 Re1 37. Rxe1 Bxe1 38. Ke4 Kg7 39. f5 gxf5+ 40. Kxf5
Bf2 41. Kg4 f6 42. gxf6+ Kxf6 43. h4 Be3 44. Kf3 Bc1 45. Kg4 Ke5 46. h5 h6 47.
Kf3 Kf5 48. Kg3 Kg5 49. Kf3 Kxh5 50. Ke4 Kg5 0-1

[Event "Tournoi Skype 024A"]
[Site "Skype"]
[Date "????.??.??"]
[Round "7.13"]
[White "Murgia, Stefano"]
[Black "Mordaa, Ahmad"]
[Result "1-0"]
[WhiteElo "1769"]
[BlackElo "1458"]
[PlyCount "75"]

1. e4 e5 2. Nf3 Nc6 3. Bb5 a6 4. Ba4 Nf6 5. Qe2 b5 6. Bb3 Bc5 7. c3 O-O 8. d3
d6 9. Bg5 h6 10. Bh4 Na5 11. Bc2 Nc6 12. Nbd2 Be6 13. Nf1 d5 14. Ne3 dxe4 15.
dxe4 Be7 16. O-O Na5 17. Rfd1 Qe8 18. Nxe5 Bd6 19. Bxf6 gxf6 20. N5g4 Bxg4 21.
Nxg4 Kg7 22. Rd3 Rh8 23. Ne3 Qe5 24. Nf5+ Kf8 25. Nxd6 cxd6 26. Rad1 Rd8 27.
Rd5 Qe6 28. a4 Nc4 29. axb5 axb5 30. Rxb5 Ne5 31. Rb7 Rg8 32. Kf1 Ng4 33. Bb3
d5 34. Rxd5 Rxd5 35. Bxd5 Nxh2+ 36. Kg1 Qh3 37. Rxf7+ Ke8 38. Qb5+ 1-0

[Event "Tournoi Skype 024A"]
[Site "Skype"]
[Date "????.??.??"]
[Round "7.14"]
[White "Calcino, Luis"]
[Black "Leyton Calderon, Jairo Oswaldo"]
[Result "1-0"]
[WhiteElo "1675"]
[BlackElo "1562"]
[PlyCount "27"]

1. e4 c5 2. Nc3 g6 3. f4 Bg7 4. Nf3 Nc6 5. Bc4 d6 6. O-O Nf6 7. d3 O-O 8. Qe1
Na5 9. Bb3 Nxb3 10. axb3 e6 11. Qh4 Bd7 12. f5 exf5 13. Bg5 f4 14. Nd5 1-0

[Event "Tournoi Skype 024A"]
[Site "Skype"]
[Date "????.??.??"]
[Round "7.15"]
[White "Junqueira, Leonardo De Faria"]
[Black "Khetre, Gaurav"]
[Result "0-1"]
[WhiteElo "1538"]
[BlackElo "1705"]
[PlyCount "112"]

1. e4 e6 2. d4 d5 3. e5 c5 4. c3 Nc6 5. Nf3 Qb6 6. Bd3 Bd7 7. Bc2 Rc8 8. Ba4
Na5 9. Bxd7+ Kxd7 10. Nbd2 cxd4 11. cxd4 Nc6 12. Nb3 Bb4+ 13. Bd2 Nge7 14. O-O
Nf5 15. Bxb4 Nxb4 16. Nc5+ Ke8 17. a3 Nc6 18. b4 Ke7 19. Nb3 Rhd8 20. Qd2 Kf8
21. Rfc1 Qb5 22. Nc5 b6 23. Nb7 Rd7 24. a4 Qa6 25. b5 Qxb7 26. bxc6 Rxc6 27.
Qb4+ Ne7 28. Rab1 Rxc1+ 29. Rxc1 Rc7 30. Qa3 Qc8 31. Rxc7 Qxc7 32. g3 Ke8 33.
Qb4 a6 34. Qb1 h6 35. Qh7 Qc1+ 36. Kg2 g6 37. Qh8+ Kd7 38. Qf6 Qc4 39. Qxf7
Qxa4 40. Qf8 h5 41. Qb8 Qc6 42. Qa7+ Qc7 43. Qxa6 Nf5 44. g4 hxg4 45. Ng5 Nxd4
46. Qa4+ Nc6 47. Qxg4 Qxe5 48. Nf3 Qf6 49. Qa4 Qb2 50. Qd1 b5 51. Ng5 Qe5 52.
Nf3 Qe4 53. Kf1 b4 54. Qb3 Kd6 55. Nd2 Qh1+ 56. Ke2 Nd4+ 0-1

[Event "Tournoi Skype 024A"]
[Site "Skype"]
[Date "????.??.??"]
[Round "7.16"]
[White "Castillo, Jesus"]
[Black "Engstrom, Olle"]
[Result "1-0"]
[WhiteElo "1527"]
[BlackElo "1678"]
[PlyCount "51"]

1. e4 c5 2. Nf3 e6 3. d4 cxd4 4. Nxd4 a6 5. Bc4 Qc7 6. Bb3 Nf6 7. Nc3 Bb4 8.
Qf3 Nc6 9. Nxc6 bxc6 10. O-O O-O 11. Bd2 Bb7 12. Rfe1 c5 13. Rad1 d5 14. exd5
exd5 15. Nxd5 Nxd5 16. Bxd5 Bxd5 17. Qxd5 Rad8 18. Qg5 Bxd2 19. Rxd2 h6 20. Qe3
Rxd2 21. Qxd2 Rd8 22. Qc3 Qd6 23. g3 Qd2 24. Re8+ Kh7 25. Rxd8 Qxd8 26. Qxc5
1-0

[Event "Tournoi Skype 024A"]
[Site "Skype"]
[Date "????.??.??"]
[Round "7.17"]
[White "Perrone, Gabriel Lorenzo"]
[Black "Trivedi, Viral"]
[Result "0-1"]
[WhiteElo "1521"]
[BlackElo "1654"]
[PlyCount "96"]

1. d4 e6 2. c4 f5 3. Nf3 Nf6 4. Nc3 d5 5. Bg5 c6 6. e3 Bd6 7. Be2 O-O 8. O-O
Bd7 9. Rc1 Be8 10. Re1 Nbd7 11. Qb3 Qc7 12. cxd5 exd5 13. Nb5 Qb8 14. Nxd6 Qxd6
15. Qxb7 Nb6 16. Ne5 Qb4 17. Nxc6 Bxc6 18. Qxc6 Kh8 19. b3 Qd2 20. Qc2 Qb4 21.
Qxf5 Rac8 22. Bxf6 Rxc1 23. Rxc1 gxf6 24. Bd3 Rf7 25. Qe6 Qd2 26. Qxf7 Qxc1+
27. Bf1 Qa3 28. Qxf6+ Kg8 29. g3 Qxa2 30. Qe6+ Kf8 31. Qh6+ Kg8 32. Bh3 Qb1+
33. Kg2 Qe4+ 34. Kf1 Qd3+ 35. Kg1 Qb1+ 36. Bf1 Qxb3 37. Qe6+ Kg7 38. Qe7+ Kg8
39. Qxa7 Na4 40. Bg2 Qb1+ 41. Bf1 Nc3 42. Kg2 Qe4+ 43. Kh3 Qf5+ 44. Kg2 Qe4+
45. Kg1 Nd1 46. Bg2 Qf5 47. Qa1 Qxf2+ 48. Kh1 Qe1+ 0-1

[Event "Tournoi Skype 024A"]
[Site "Skype"]
[Date "????.??.??"]
[Round "7.18"]
[White "Lovell, Stan"]
[Black "Gharbi, Said"]
[Result "1-0"]
[WhiteElo "1620"]
[BlackElo "1537"]
[PlyCount "50"]

1. e4 e5 2. Nf3 Nf6 3. d3 d6 4. Nc3 Be7 5. h3 O-O 6. Be3 Nc6 7. Be2 Nd4 8. Nxd4
exd4 9. Bxd4 c5 10. Be3 Qb6 11. Qc1 Be6 12. O-O Nd7 13. Rd1 Bf6 14. f4 d5 15.
exd5 Bxc3 16. bxc3 Bxd5 17. Rf1 Qg6 18. Bf3 Be6 19. Be4 f5 20. Bxb7 Rab8 21.
Bf3 Rf6 22. Qd1 Qg3 23. Bf2 Qxf4 24. Qe1 Rg6 25. Bh5 Rf6 1-0

[Event "Tournoi Skype 024A"]
[Site "Skype"]
[Date "????.??.??"]
[Round "7.19"]
[White "Montalvo, Mario"]
[Black "Khunte, Aniruddha"]
[Result "0-1"]
[WhiteElo "1435"]
[BlackElo "1616"]
[PlyCount "58"]

1. d4 Nf6 2. Bg5 e6 3. Bxf6 Qxf6 4. e4 e5 5. Nf3 exd4 6. Nxd4 Bc5 7. Nf3 Qxb2
8. Nbd2 Qb6 9. Qe2 O-O 10. Rb1 Qf6 11. Qc4 Bb6 12. Be2 Nc6 13. Rb5 d6 14. O-O
Nd4 15. Nxd4 Qxd4 16. Nf3 Qxc4 17. Bxc4 Bg4 18. Rb3 h6 19. h3 Bh5 20. Re1 Rae8
21. a4 Bg6 22. e5 dxe5 23. Nxe5 Bxc2 24. Rf3 Re7 25. Kf1 Bd4 26. Nxf7 Rxe1+ 27.
Kxe1 Re8+ 28. Kd2 Be4 29. Ng5+ Kh8 0-1

[Event "Tournoi Skype 024A"]
[Site "Skype"]
[Date "????.??.??"]
[Round "7.21"]
[White "Sauvaget, Joel"]
[Black "Vilone, Rino"]
[Result "1/2-1/2"]
[WhiteElo "1684"]
[BlackElo "1570"]
[PlyCount "32"]

1. e4 e5 2. Nf3 Nc6 3. g3 Nf6 4. d3 h6 5. Bg2 d6 6. Nc3 Bg4 7. O-O Nd4 8. b3
Nh7 9. Nd5 Ng5 10. Bxg5 hxg5 11. Ne3 Nxf3+ 12. Bxf3 Bxf3 13. Qxf3 Qd7 14. Qg4
Be7 15. Qxd7+ Kxd7 16. Nd5 c6 1/2-1/2

[Event "Tournoi Skype 024A"]
[Site "Skype"]
[Date "????.??.??"]
[Round "7.22"]
[White "Thoune, Jim"]
[Black "Jaramillo, Carlos"]
[Result "1/2-1/2"]
[WhiteElo "1659"]
[BlackElo "1559"]
[PlyCount "52"]

1. c4 c5 2. Nc3 Nc6 3. d3 e5 4. e4 d6 5. g3 Nf6 6. Bg2 Be7 7. Nge2 O-O 8. O-O
Be6 9. f4 Rc8 10. fxe5 dxe5 11. b3 Nd4 12. Bb2 Bg4 13. Kh1 a6 14. Qd2 Nh5 15.
Nxd4 cxd4 16. Nd5 b5 17. Nxe7+ Qxe7 18. Rac1 Rc7 19. cxb5 axb5 20. Rxc7 Qxc7
21. Rc1 Qd7 22. Rc5 f6 23. Ba3 Rc8 24. Qc2 g6 25. Rxc8+ Qxc8 26. Qxc8+ Bxc8
1/2-1/2

[Event "Tournoi Skype 024A"]
[Site "Skype"]
[Date "????.??.??"]
[Round "7.23"]
[White "Yardimci, Ertan"]
[Black "Marino, Giuseppe"]
[Result "1/2-1/2"]
[WhiteElo "1610"]
[BlackElo "1444"]
[PlyCount "52"]

1. d4 d5 2. Nf3 Bf5 3. c4 c6 4. Nc3 Nf6 5. Bf4 e6 6. e3 Bd6 7. Bxd6 Qxd6 8. Nh4
Bg4 9. Nf3 Bxf3 10. Qxf3 b6 11. cxd5 exd5 12. Bd3 O-O 13. O-O Re8 14. h3 Nbd7
15. Rac1 Nf8 16. Qd1 Ne6 17. Qc2 h6 18. Ne2 Rac8 19. Rfd1 Ng5 20. Nc3 Nge4 21.
Re1 Nxc3 22. bxc3 Rc7 23. e4 dxe4 24. Bxe4 Nxe4 25. Rxe4 Rxe4 26. Qxe4 Re7
1/2-1/2

[Event "Tournoi Skype 024A"]
[Site "Skype"]
[Date "????.??.??"]
[Round "7.24"]
[White "Thacker, Stephen"]
[Black "Casey, Eamonn"]
[Result "1-0"]
[WhiteElo "1740"]
[BlackElo "1643"]
[PlyCount "85"]

1. d4 Nf6 2. Nc3 e6 3. e4 d5 4. e5 Nfd7 5. Be3 c5 6. f4 a6 7. a4 cxd4 8. Bxd4
Nc6 9. Nf3 Bb4 10. Be2 Nxd4 11. Qxd4 Bc5 12. Qd3 Qb6 13. Kd2 d4 14. Nd1 Qb4+
15. c3 dxc3+ 16. bxc3 Qxf4+ 17. Kc2 Nxe5 18. Nxe5 Qxe5 19. Bf3 O-O 20. Nb2 Qc7
21. Rhd1 g6 22. h4 e5 23. h5 Bf5 24. Be4 Bxe4 25. Qxe4 f5 26. Qd5+ Kg7 27. hxg6
hxg6 28. Nc4 e4 29. Ne5 Rae8 30. Nd7 e3 31. Nxf8 Kxf8 32. Qf3 Bb4 33. Rd3 e2
34. Re1 Qc4 35. Kb2 Ba5 36. Rxe2 Rxe2+ 37. Qxe2 Qxa4 38. Rd4 Qc6 39. Rc4 Qb6+
40. Kc2 Qd8 41. Qe6 Qg5 42. Rc8+ Kg7 43. Qe5+ 1-0

[Event "Tournoi Skype 024A"]
[Site "Skype"]
[Date "????.??.??"]
[Round "7.25"]
[White "Le Brun, Yves"]
[Black "Aravena, Alvaro"]
[Result "0-1"]
[WhiteElo "1454"]
[BlackElo "1660"]
[PlyCount "34"]

1. d4 Nf6 2. c4 e6 3. g3 d5 4. Nf3 c5 5. Bg2 Nc6 6. cxd5 Nxd5 7. O-O Be7 8.
dxc5 O-O 9. e4 Nf6 10. Nc3 Bxc5 11. h3 e5 12. a3 a6 13. Qe2 Bd7 14. Be3 Bxe3
15. Qxe3 Qc8 16. Rac1 Bxh3 17. Bxh3 Qxh3 0-1

[Event "Tournoi Skype 024A"]
[Site "Skype"]
[Date "????.??.??"]
[Round "7.26"]
[White "L'Herbon De Lussats, Jean"]
[Black "Grib, Johannes"]
[Result "1-0"]
[WhiteElo "1539"]
[BlackElo "1522"]
[PlyCount "137"]

1. e4 e6 2. d4 c5 3. c3 cxd4 4. cxd4 h6 5. Nf3 a6 6. b4 Bxb4+ 7. Bd2 Bxd2+ 8.
Nbxd2 Qa5 9. Bd3 Nc6 10. O-O Nb4 11. Nb3 Qh5 12. Be2 d5 13. Ne5 Qg5 14. Nd2 b5
15. Ndf3 Qf6 16. a3 dxe4 17. axb4 exf3 18. Bxf3 Ra7 19. Nc6 Rc7 20. Re1 Ne7 21.
d5 Rd7 22. d6 Ng6 23. Rc1 O-O 24. Nb8 Rdd8 25. Nc6 Rd7 26. Na5 e5 27. Rc6 Re8
28. Re2 Qg5 29. Rec2 Nf4 30. g3 Ne6 31. Rxc8 Rxc8 32. Rxc8+ Rd8 33. d7 Nd4 34.
Bg4 f5 35. h4 Qe7 36. Bh5 Qxd7 37. Rxd8+ Qxd8 38. Nb7 Qe7 39. Nc5 a5 40. Qa1
axb4 41. Qa8+ Kh7 42. Nd3 g6 43. Bd1 e4 44. Nf4 b3 45. Qd5 Nf3+ 46. Bxf3 exf3
47. Qxf3 b2 48. Qd1 g5 49. hxg5 Qxg5 50. Qb1 Qf6 51. g4 h5 52. Nxh5 Qg5 53.
Qxb2 Qxg4+ 54. Ng3 f4 55. Qxb5 Qd1+ 56. Kg2 Qg4 57. Qf5+ Qxf5 58. Nxf5 Kg6 59.
Nh4+ Kg5 60. Nf3+ Kg4 61. Ne5+ Kf5 62. Nf3 Kg4 63. Nh2+ Kg5 64. f3 Kh4 65. Ng4
Kg5 66. Kh3 Kh5 67. Ne5 Kg5 68. Nd3 Kf5 69. Kh4 1-0

[Event "Tournoi Skype 024A"]
[Site "Skype"]
[Date "????.??.??"]
[Round "7.27"]
[White "Vasquez, Oscar"]
[Black "Aranzubia, Desiderio"]
[Result "1/2-1/2"]
[WhiteElo "1712"]
[BlackElo "1535"]
[PlyCount "98"]

1. e4 c5 2. Nc3 Nc6 3. f4 e6 4. Bc4 a6 5. Nf3 b5 6. Be2 Bb7 7. O-O d6 8. d3 Nf6
9. Qe1 Nb4 10. Bd1 Qc7 11. a3 Nc6 12. f5 exf5 13. exf5+ Be7 14. Bg5 O-O 15. Qh4
h6 16. Be3 Rfe8 17. h3 Qd7 18. g4 Nd5 19. Qe1 Nxc3 20. Qxc3 Bf6 21. d4 Re4 22.
Qd3 Nxd4 23. c3 Nxf3+ 24. Bxf3 Re7 25. Bf4 Bxf3 26. Qxf3 Rd8 27. Rad1 d5 28.
Qg3 Qc6 29. h4 Red7 30. g5 hxg5 31. Bxg5 d4 32. h5 Bxg5 33. Qxg5 Qh6 34. Qxh6
gxh6 35. f6 dxc3 36. Rxd7 Rxd7 37. bxc3 Rd5 38. Re1 Rxh5 39. Re8+ Kh7 40. Ra8
Rh3 41. Rxa6 Rxc3 42. Ra5 b4 43. axb4 cxb4 44. Rb5 Rc4 45. Kg2 Kg6 46. Rb6 Rf4
47. Kg3 Rxf6 48. Rxb4 Rf5 49. Rb8 Kh5 1/2-1/2

[Event "Tournoi Skype 024A"]
[Site "Skype"]
[Date "????.??.??"]
[Round "7.28"]
[White "Ram, Madhukesh"]
[Black "Aceituno, Stebe"]
[Result "1/2-1/2"]
[WhiteElo "1430"]
[BlackElo "1558"]
[PlyCount "65"]

1. d4 Nf6 2. c4 g6 3. Nf3 Bg7 4. Nc3 d6 5. g3 Nbd7 6. Bg2 O-O 7. O-O Re8 8. Bd2
c6 9. e4 e5 10. d5 cxd5 11. cxd5 a5 12. Be3 Nc5 13. Bxc5 dxc5 14. Nd2 Bg4 15.
Qb3 Rb8 16. Rac1 Bh6 17. Rc2 Qd7 18. Na4 Bxd2 19. Rxd2 Qd6 20. Rc1 b6 21. Nc3
Bd7 22. Bf1 Kg7 23. Bb5 Rec8 24. Bxd7 Qxd7 25. a4 Qh3 26. f3 Qd7 27. Nb5 Ne8
28. Qc3 f6 29. b3 Nd6 30. Nxd6 Qxd6 31. Rdc2 Rc7 32. Qc4 Rbc8 33. Qb5 1/2-1/2

[Event "Tournoi Skype 024A"]
[Site "Skype"]
[Date "????.??.??"]
[Round "7.30"]
[White "Bendre, Pankaj"]
[Black "Chavero, Victor"]
[Result "0-1"]
[WhiteElo "1558"]
[BlackElo "1544"]
[PlyCount "28"]

1. e4 d5 2. exd5 Qxd5 3. Nc3 Qd6 4. d4 Nf6 5. Bc4 Be6 6. d5 Bf5 7. Nge2 e6 8.
Ng3 Bg6 9. Qe2 e5 10. Bf4 Nbd7 11. Nb5 Qc5 12. Bxe5 O-O-O 13. Nxc7 Nxe5 14. Na6
Qxc4 0-1